Alfred Adler: apóstol de la libertad

Salvato in:
Dettagli Bibliografici
Autore principale: Bottome, Phyllis (Autore)
Natura: Libro
Lingua:spagnolo
Pubblicazione: Barcelona Luis Miracle 1952
Soggetti:
Tags: Aggiungi Tag
Nessun Tag, puoi essere il primo ad aggiungerne!!

MARC

LEADER 00000nam a2200000 a 4500
001 UCY6219
003 CL-VaPUC
008 950521e19520800SP |||||||||||||||||spa|d
082 0 4 |a 150.195  |b BOT  |2 21 
100 0 |a Bottome, Phyllis  |e author  |9 336050 
245 1 0 |a Alfred Adler: apóstol de la libertad 
300 |a 355 p 
942 |c BK 
945 |d 19950521 00:00:00  |a cmena 
260 |a Barcelona  |b Luis Miracle  |c 1952 
600 0 7 |a ADLER, ALFRED  |2 CL-VaPUC  |9 328579 
650 0 |a Psicología   |9 257863 
650 0 |a Psicología individual  |9 309049 
650 7 |a ESCUELAS DE PSICOLOGIA  |2 CL-VaPUC  |9 334607 
650 0 |a Desarrollo individual   |9 307875 
650 0 |a Psicoanálisis   |9 265702 
650 7 |a PSICOTERAPIA  |2 CL-VaPUC  |9 336051 
650 0 |a Biografías  |9 255210 
583 |a last modification  |c 19950521 00:00:00  |k Rodrigo Vera 
999 |c 233799  |d 233797 
952 |0 0  |1 0  |4 0  |6 150_195000000000000_BOT_1952  |7 0  |8 P  |9 239552  |a BIBEDU  |b BIBEDU  |c BIBEDU_PB  |d 2019-11-18  |i 1507699  |o 150.195 BOT 1952  |p 1507699  |r 2024-01-25  |w 2019-11-18  |y BK  |k EDU